[Event "Muensterland Verbandsliga 1920"]
[Site "Germany"]
[Date "2020.02.01"]
[Round "6.1"]
[White "Lerke, Bernd"]
[Black "Delere, Adrian"]
[Result "0-1"]
[WhiteElo "1884"]
[BlackElo "1799"]
[PlyCount "64"]
[EventDate "2019.09.07"]
[EventType "team-tourn"]
[EventRounds "7"]
[EventCountry "GER"]
[SourceTitle "EXT 2023"]
[Source "ChessBase"]
[SourceDate "2022.10.05"]
[SourceVersion "1"]
[SourceVersionDate "2022.10.05"]
[SourceQuality "1"]
[WhiteTeam "Nordwalde"]
[BlackTeam "Emsdetten Rochade II"]
[WhiteTeamCountry "GER"]
[BlackTeamCountry "GER"]

1. d4 f5 2. g4 d5 3. g5 e6 4. Nf3 Bd6 5. Nc3 Bd7 6. a4 a6 7. h4 c5 8. dxc5 Bxc5 9. Be3 Bxe3 10. fxe3 Nc6 11. Qd2 Nge7 12. Bg2 Qb6 13. Ra3 0-0-0 14. Nd4 Na5 15. b3 Nac6 16. Nd1 h6 17. Qc3 hxg5 18. hxg5 Rxh1+ 19. Bxh1 Qb4 20. Ra1 Rh8 21. Bf3 Qxc3+ 22. Nxc3 Ne5 23. Kf2 Ng4+ 24. Kg3 Nxe3 25. Nd1 Nxd1 26. Rxd1 e5 27. e3 exd4 28. Rxd4 Be6 29. a5 f4+ 30. Kxf4 Rh4+ 31. Ke5 Nc6+ 32. Kxe6 Rxd4 0-1

[Event "Muensterland Verbandsliga 1920"]
[Site "Germany"]
[Date "2019.09.07"]
[Round "1.1"]
[White "Lerke, Bernd"]
[Black "Teloeken, Daniel"]
[Result "1-0"]
[WhiteElo "1867"]
[BlackElo "1943"]
[PlyCount "80"]
[EventDate "2019.09.07"]
[EventType "team-tourn"]
[EventRounds "7"]
[EventCountry "GER"]
[SourceTitle "EXT 2023"]
[Source "ChessBase"]
[SourceDate "2022.10.05"]
[SourceVersion "1"]
[SourceVersionDate "2022.10.05"]
[SourceQuality "1"]
[WhiteTeam "Nordwalde"]
[BlackTeam "Suedlohn II"]
[WhiteTeamCountry "GER"]
[BlackTeamCountry "GER"]

1. Nf3 c5 2. b3 Nf6 3. Bb2 g6 4. e4 Bg7 5. Be2 d6 6. 0-0 0-0 7. d3 Nc6 8. Nbd2 a6 9. a4 Rb8 10. Nc4 b5 11. Ne3 Qb6 12. axb5 axb5 13. Re1 Bb7 14. Bf1 Nd4 15. Nxd4 cxd4 16. Ng4 Nxg4 17. Qxg4 e5 18. c3 f5 19. exf5 dxc3 20. Bxc3 Rxf5 21. Ra2 Rbf8 22. Qg3 Bd5 23. Rb2 Qc5 24. d4 exd4 25. Bd2 Be5 26. f4 Bxf4 27. Qd3 Bxd2 28. Rxd2 Bxb3 29. Qxb3+ Kh8 30. Qd3 Re5 31. Red1 Rf4 32. Rf2 Re3 33. Qxb5 Rxf2 34. Kxf2 Qc2+ 35. Be2 Kg7 36. Rxd4 Re6 37. Rf4 Re7 38. Qc4 Qxc4 39. Bxc4 Rd7 40. Bd5 Re7 1-0

[Event "Muensterland Verbandsklasse 1819"]
[Site "Germany"]
[Date "2019.03.09"]
[Round "7.2"]
[White "Lerke, Bernd"]
[Black "Gerighausen, Karl Heinz"]
[Result "1-0"]
[WhiteElo "1856"]
[BlackElo "1696"]
[PlyCount "87"]
[EventDate "2018.09.15"]
[EventType "team-tourn"]
[EventRounds "9"]
[EventCountry "GER"]
[SourceTitle "EXT 2020"]
[Source "ChessBase"]
[SourceDate "2019.10.17"]
[SourceVersion "1"]
[SourceVersionDate "2019.10.17"]
[SourceQuality "1"]
[WhiteTeam "Nordwalde"]
[BlackTeam "Emsdetten Rochade III"]
[WhiteTeamCountry "GER"]
[BlackTeamCountry "GER"]

1. Nf3 c5 2. b3 d5 3. Bb2 Nc6 4. e3 Bg4 5. Be2 e6 6. d3 Nf6 7. Nbd2 Be7 8. Ne5 Bxe2 9. Qxe2 Nxe5 10. Bxe5 0-0 11. 0-0 Nd7 12. Bg3 Bh4 13. Qg4 Bxg3 14. Qxg3 Rc8 15. f4 f5 16. Nf3 Nf6 17. Qe1 b5 18. a4 b4 19. a5 Qd6 20. Ra4 Rf7 21. h3 Rfc7 22. Ne5 Nd7 23. Nxd7 Rxd7 24. Rf2 Rdc7 25. c3 c4 26. dxc4 dxc4 27. Rxb4 cxb3 28. Rxb3 Qd5 29. Ra3 Rd8 30. Re2 Rcd7 31. Ra1 Qe4 32. Rc1 Qc4 33. e4 Qc5+ 34. Kh1 Qxa5 35. exf5 Qxf5 36. Rxe6 h6 37. Re8+ Rxe8 38. Qxe8+ Kh7 39. Qe3 a5 40. c4 Rd3 41. Qf2 Qe4 42. c5 Rxh3+ 43. Kg1 Qc6 44. gxh3 1-0

[Event "Muensterland Verbandsklasse 1819"]
[Site "Germany"]
[Date "2018.10.06"]
[Round "2.2"]
[White "Fischer, Andreas3333"]
[Black "Lerke, Bernd"]
[Result "0-1"]
[WhiteElo "1917"]
[BlackElo "1856"]
[PlyCount "134"]
[EventDate "2018.09.15"]
[EventType "team-tourn"]
[EventRounds "9"]
[EventCountry "GER"]
[SourceTitle "EXT 2020"]
[Source "ChessBase"]
[SourceDate "2019.10.17"]
[SourceVersion "1"]
[SourceVersionDate "2019.10.17"]
[SourceQuality "1"]
[WhiteTeam "Saerbeck"]
[BlackTeam "Nordwalde"]
[WhiteTeamCountry "GER"]
[BlackTeamCountry "GER"]

1. d4 Nf6 2. Nf3 e6 3. g3 b6 4. Bg2 Bb7 5. 0-0 Be7 6. c4 c5 7. b3 0-0 8. Bb2 d5 9. Nbd2 cxd4 10. Nxd4 Nc6 11. Nxc6 Bxc6 12. Rc1 Rc8 13. Nf3 dxc4 14. bxc4 Nd7 15. Ne5 Nxe5 16. Bxe5 Bxg2 17. Kxg2 f6 18. Bb2 Qxd1 19. Rfxd1 Rfd8 20. Rd3 Kf7 21. Kf3 Bc5 22. Rc2 Re8 23. e3 Re7 24. Ke2 Ke8 25. Rc1 Rec7 26. Rb3 Bd6 27. Rd1 Be7 28. Rc1 Rxc4 29. Rxc4 Rxc4 30. Kd3 Ra4 31. a3 g5 32. h3 h5 33. f3 g4 34. hxg4 hxg4 35. f4 f5 36. Bc1 Kd7 37. Rc3 b5 38. Kc2 Bf6 39. Rd3+ Kc6 40. Rd1 Rc4+ 41. Kb1 a5 42. Rh1 Bc3 43. Rd1 Rc5 44. Bb2 b4 45. axb4 axb4 46. Bc1 Kb5 47. Bb2 Bxb2 48. Kxb2 Rc3 49. e4 fxe4 50. Rd6 Rxg3 51. Rxe6 e3 52. f5 Kc4 53. f6 Rg2+ 54. Kb1 Kd3 55. Rd6+ Ke2 56. Rd4 Rf2 57. Rxg4 Rxf6 58. Rxb4 Rc6 59. Rb8 Ke1 60. Rf8 e2 61. Kb2 Rc5 62. Rf7 Kd2 63. Rd7+ Ke3 64. Re7+ Kd3 65. Re8 Rf5 66. Kb3 Kd2 67. Rd8+ Ke3 0-1

[Event "Muensterland Verbandsklasse 1718"]
[Site "Germany"]
[Date "2017.10.14"]
[Round "2.1"]
[White "Lerke, Bernd"]
[Black "Pliete, Christian"]
[Result "1-0"]
[WhiteElo "1811"]
[BlackElo "1839"]
[PlyCount "117"]
[EventDate "2017.09.16"]
[EventType "team-tourn"]
[EventRounds "9"]
[EventCountry "GER"]
[SourceTitle "EXT 2019"]
[Source "ChessBase"]
[SourceDate "2018.10.10"]
[SourceVersion "1"]
[SourceVersionDate "2018.10.10"]
[SourceQuality "1"]
[WhiteTeam "Nordwalde"]
[BlackTeam "Raesfeld Erle II"]
[WhiteTeamCountry "GER"]
[BlackTeamCountry "GER"]

1. Nf3 Nf6 2. c4 g6 3. Nc3 Bg7 4. e4 d6 5. Be2 Nc6 6. d3 0-0 7. h4 Bg4 8. Ng1 Bxe2 9. Ngxe2 Qd7 10. f3 h5 11. Be3 Ne5 12. Qd2 a6 13. b3 c5 14. d4 cxd4 15. Nxd4 Nc6 16. Rd1 Nxd4 17. Bxd4 Qe6 18. 0-0 Rac8 19. a4 Kh7 20. Rfe1 Bh6 21. Qf2 Bf4 22. g3 Be5 23. Kg2 Bxd4 24. Qxd4 Rc7 25. e5 dxe5 26. Rxe5 Qc6 27. Nd5 Nxd5 28. Rxd5 Re8 29. Qe4 Kg7 30. Qe5+ Kg8 31. Rd8 Rc8 32. Qxe7 Rcxd8 33. Rxd8 Rxd8 34. Qxd8+ Kg7 35. Qd4+ Kg8 36. a5 Qc7 37. b4 Qe7 38. Qd2 Qe6 39. Qc2 Qc6 40. Qa2 Qd7 41. Qe2 Qa4 42. Qd2 Qb3 43. c5 Qc4 44. Kf2 Qb3 45. Qd4 Qe6 46. Qe4 Qd7 47. Ke3 Kf8 48. g4 hxg4 49. fxg4 Qc7 50. g5 Qg3+ 51. Kd4 Qf2+ 52. Kc3 Qg1 53. Qf4 Qe1+ 54. Kc4 Qe2+ 55. Kd5 Qd3+ 56. Qd4 Qb3+ 57. Kd6 Qe6+ 58. Kc7 Qc6+ 59. Kb8 1-0

[Event "Muensterland Verbandsklasse 1415"]
[Site "Germany"]
[Date "2015.02.28"]
[Round "7.2"]
[White "Hedwig, Johannes"]
[Black "Lerke, Bernd"]
[Result "1/2-1/2"]
[WhiteElo "1795"]
[BlackElo "1842"]
[PlyCount "53"]
[EventDate "2014.09.13"]
[EventType "team-tourn"]
[EventRounds "9"]
[EventCountry "GER"]
[SourceTitle "EXT 2016"]
[Source "ChessBase"]
[SourceDate "2015.10.08"]
[SourceVersion "1"]
[SourceVersionDate "2015.10.08"]
[SourceQuality "1"]
[WhiteTeam "Emsdetten Rochade II"]
[BlackTeam "Nordwalde"]
[WhiteTeamCountry "GER"]
[BlackTeamCountry "GER"]

1. e4 d6 2. d4 Nf6 3. Nc3 e5 4. dxe5 dxe5 5. Qxd8+ Kxd8 6. Bg5 c6 7. 0-0-0+ Kc7 8. f3 Be6 9. Be3 Nbd7 10. Nge2 Bc5 11. Bxc5 Nxc5 12. Ng3 Rhd8 13. Be2 Rd4 14. Rhe1 Rad8 15. Bf1 b5 16. a3 Ne8 17. Nge2 Rxd1+ 18. Rxd1 Nd6 19. Ng3 g6 20. Be2 Bc8 21. b3 Ne6 22. Bf1 h5 23. Nge2 h4 24. Kb2 f6 25. Ka2 Rh8 26. h3 Re8 27. Nc1 1/2-1/2

[Event "Muensterland Verbandsklasse 1415"]
[Site "Germany"]
[Date "2014.09.13"]
[Round "1.2"]
[White "Kemper, Andreas"]
[Black "Lerke, Bernd"]
[Result "1/2-1/2"]
[WhiteElo "1828"]
[BlackElo "1842"]
[PlyCount "35"]
[EventDate "2014.09.13"]
[EventType "team-tourn"]
[EventRounds "9"]
[EventCountry "GER"]
[SourceTitle "EXT 2016"]
[Source "ChessBase"]
[SourceDate "2015.10.08"]
[SourceVersion "1"]
[SourceVersionDate "2015.10.08"]
[SourceQuality "1"]
[WhiteTeam "Ahaus Wessum II"]
[BlackTeam "Nordwalde"]
[WhiteTeamCountry "GER"]
[BlackTeamCountry "GER"]

1. e4 e6 2. f4 d5 3. e5 c5 4. Nf3 Nc6 5. Bb5 Bd7 6. 0-0 Nxe5 7. fxe5 Bxb5 8. d3 f5 9. exf6 gxf6 10. Nc3 Bc6 11. Qe2 Qe7 12. Ng5 0-0-0 13. Qxe6+ Qxe6 14. Nxe6 Re8 15. Nxf8 Rxf8 16. Bf4 Kd7 17. Bg5 h6 18. Bh4 1/2-1/2

[Event "Steinfurt Bezirksliga 1213"]
[Site "Germany"]
[Date "2012.12.22"]
[Round "4.2"]
[White "Lerke, Bernd"]
[Black "Braemik, Simon"]
[Result "1-0"]
[WhiteElo "1840"]
[BlackElo "1600"]
[PlyCount "53"]
[EventDate "2012.09.22"]
[EventType "team-tourn"]
[EventRounds "9"]
[EventCountry "GER"]
[SourceTitle "EXT 2015"]
[Source "ChessBase"]
[SourceDate "2014.11.20"]
[SourceVersion "1"]
[SourceVersionDate "2014.11.20"]
[SourceQuality "1"]
[WhiteTeam "Nordwalde"]
[BlackTeam "Rheine SG"]
[WhiteTeamCountry "GER"]
[BlackTeamCountry "GER"]

1. e4 c5 2. Nf3 Nc6 3. d4 cxd4 4. Nxd4 g6 5. Nc3 Bg7 6. Be3 Nf6 7. Nxc6 bxc6 8. e5 Nd5 9. Nxd5 cxd5 10. Qxd5 Rb8 11. Bc4 0-0 12. 0-0 Qc7 13. f4 d6 14. exd6 exd6 15. Bb3 Bxb2 16. Rad1 Ba3 17. f5 Bc5 18. Bxc5 Qxc5+ 19. Qxc5 dxc5 20. fxg6 hxg6 21. Rd6 Rb6 22. Rff6 Rxd6 23. Rxd6 Bf5 24. g4 Be4 25. Rd7 c4 26. Bxc4 Bxc2 27. Rxa7 1-0

[Event "Steinfurt Bezirksliga 1213"]
[Site "Germany"]
[Date "2012.11.24"]
[Round "3.2"]
[White "Lachmuth, Mathias"]
[Black "Lerke, Bernd"]
[Result "0-1"]
[WhiteElo "1736"]
[BlackElo "1840"]
[PlyCount "72"]
[EventDate "2012.09.22"]
[EventType "team-tourn"]
[EventRounds "9"]
[EventCountry "GER"]
[SourceTitle "EXT 2015"]
[Source "ChessBase"]
[SourceDate "2014.11.20"]
[SourceVersion "1"]
[SourceVersionDate "2014.11.20"]
[SourceQuality "1"]
[WhiteTeam "Emsdetten Rochade II"]
[BlackTeam "Nordwalde"]
[WhiteTeamCountry "GER"]
[BlackTeamCountry "GER"]

1. Nf3 c5 2. b3 Nc6 3. e3 e5 4. d3 Be7 5. Bb2 Bf6 6. Nbd2 d5 7. e4 d4 8. Be2 Nge7 9. 0-0 Be6 10. Ne1 Qd7 11. f4 exf4 12. Rxf4 Ng6 13. Rf1 Nge5 14. Nc4 0-0 15. Bc1 Ng4 16. Bf4 b5 17. h3 bxc4 18. hxg4 cxd3 19. Nxd3 Be7 20. g5 a5 21. Qe1 c4 22. Nb2 d3 23. Nxd3 cxd3 24. Bxd3 Nb4 25. Qd2 Nxd3 26. cxd3 Bb4 27. Qb2 Bc5+ 28. Kh2 Bd4 29. Qd2 Bxa1 30. Rxa1 f6 31. d4 fxg5 32. Bxg5 Qc7+ 33. g3 Rac8 34. d5 Bg4 35. Bf4 Qc2 36. Kg1 Qxe4 0-1

[Event "Steinfurt Bezirksliga 1213"]
[Site "Germany"]
[Date "2012.09.22"]
[Round "1.2"]
[White "Lagemann, Stefan"]
[Black "Lerke, Bernd"]
[Result "1-0"]
[WhiteElo "1953"]
[BlackElo "1840"]
[PlyCount "47"]
[EventDate "2012.09.22"]
[EventType "team-tourn"]
[EventRounds "9"]
[EventCountry "GER"]
[SourceTitle "EXT 2015"]
[Source "ChessBase"]
[SourceDate "2014.11.20"]
[SourceVersion "1"]
[SourceVersionDate "2014.11.20"]
[SourceQuality "1"]
[WhiteTeam "Westerkappeln"]
[BlackTeam "Nordwalde"]
[WhiteTeamCountry "GER"]
[BlackTeamCountry "GER"]

1. c4 f5 2. d4 Nf6 3. Nc3 g6 4. h4 Bg7 5. h5 d5 6. h6 Bf8 7. cxd5 Nxd5 8. Bg5 Nxc3 9. bxc3 Be6 10. Nf3 c6 11. e3 Qa5 12. Qc2 Nd7 13. Bd3 Bd5 14. 0-0 Bxf3 15. gxf3 Qd5 16. Be2 e6 17. c4 Qa5 18. Rab1 b6 19. d5 exd5 20. cxd5 Qxd5 21. Rfd1 Qc5 22. Qd2 Ne5 23. f4 Be7 24. fxe5 1-0

[Event "Muensterland Verbandsklasse-B 0910"]
[Site "Germany"]
[Date "2010.01.30"]
[Round "6.2"]
[White "Lodde, Martin"]
[Black "Lerke, Bernd"]
[Result "1/2-1/2"]
[WhiteElo "1932"]
[BlackElo "1956"]
[PlyCount "120"]
[EventDate "2009.09.19"]
[EventType "team-tourn"]
[EventRounds "9"]
[EventCountry "GER"]
[SourceTitle "EXT 2011"]
[Source "ChessBase"]
[SourceDate "2010.11.26"]
[SourceVersion "1"]
[SourceVersionDate "2010.11.26"]
[SourceQuality "1"]
[WhiteTeam "Telgte"]
[BlackTeam "Nordwalde"]
[WhiteTeamCountry "GER"]
[BlackTeamCountry "GER"]

1. Nf3 c5 2. c4 Nf6 3. Nc3 Nc6 4. d4 cxd4 5. Nxd4 g6 6. e4 d6 7. Be2 Bg7 8. Nb3 0-0 9. 0-0 b6 10. f3 Be6 11. Be3 Nd7 12. Nd4 Nxd4 13. Bxd4 Ne5 14. f4 Nc6 15. Bxg7 Kxg7 16. b3 Bd7 17. Qd2 Qc7 18. Rad1 Rad8 19. Bf3 Bc8 20. Nd5 Qb8 21. Nb4 Nxb4 22. Qxb4 Qc7 23. Rf2 Bb7 24. Qc3+ f6 25. Qe3 Bc6 26. Rfd2 Rb8 27. Rc2 Rfd8 28. h4 Be8 29. Rdc1 Qc5 30. Kf2 Kf7 31. Rc3 e5 32. g3 Ke7 33. Rd1 Bf7 34. Be2 Rbc8 35. Kg2 Qxe3 36. Rxe3 Be6 37. Bd3 Rc5 38. Bb1 Rcc8 39. Ree1 Bg4 40. Rc1 Ke6 41. Kf2 h6 42. Bd3 Ke7 43. Ke3 Re8 44. Kd2 Rg8 45. Rh1 Rg7 46. Be2 Bd7 47. Ke3 f5 48. Bf3 Rf8 49. fxe5 dxe5 50. c5 f4+ 51. gxf4 exf4+ 52. Kf2 bxc5 53. Rhg1 Rc8 54. Bg4 Kf6 55. Kf3 g5 56. hxg5+ hxg5 57. Rgd1 Bxg4+ 58. Kxg4 c4 59. bxc4 Rc5 60. Rd6+ Ke5 1/2-1/2

[Event "Muensterland Verbandsklasse-B 0809"]
[Site "Germany"]
[Date "2009.03.28"]
[Round "8.2"]
[White "Beckmann, David"]
[Black "Lerke, Bernd"]
[Result "0-1"]
[WhiteElo "1875"]
[BlackElo "1915"]
[PlyCount "102"]
[EventDate "2008.09.13"]
[EventType "team-tourn"]
[EventRounds "9"]
[EventCountry "GER"]
[SourceTitle "EXT 2010"]
[Source "ChessBase"]
[SourceDate "2010.11.25"]
[SourceVersion "1"]
[SourceVersionDate "2010.11.25"]
[SourceQuality "1"]
[WhiteTeam "Borken"]
[BlackTeam "Nordwalde"]
[WhiteTeamCountry "GER"]
[BlackTeamCountry "GER"]

1. d4 Nf6 2. Nf3 c5 3. d5 b5 4. c4 bxc4 5. Nc3 d6 6. e4 e5 7. Bxc4 Be7 8. b4 cxb4 9. Qa4+ Nbd7 10. Qxb4 0-0 11. 0-0 Nc5 12. Qb1 Bg4 13. Nd2 Nfd7 14. Nb3 Bg5 15. f3 Bh5 16. Nb5 Bxc1 17. Rxc1 a6 18. Nxc5 Nxc5 19. Nc3 Qg5 20. Kh1 Rab8 21. Qc2 Rb4 22. Ne2 Bg6 23. a3 Rbb8 24. Rab1 f5 25. Ng3 Rxb1 26. Rxb1 fxe4 27. Nxe4 Bxe4 28. fxe4 Qe3 29. Rf1 Rxf1+ 30. Bxf1 Qxa3 31. Qb1 Qb3 32. Qxb3 Nxb3 33. Bxa6 Nc5 34. Bc4 Nxe4 35. Kg1 h6 36. Bd3 Nf6 37. Kf1 Kf8 38. Bc4 Ke7 39. Ke2 Kd7 40. Ba2 Kc7 41. Kd3 Kb6 42. Kc4 Ka5 43. h3 Nd7 44. h4 Nb6+ 45. Kd3 Kb5 46. h5 Kc5 47. Ke4 Nd7 48. Kf5 Nf8 49. Bb3 Kd4 50. g3 e4 51. g4 e3 0-1